000 00709nam a2200241 i 4500
001 bg
100 1 _aROMOWICZ, Wojciech
245 1 0 _aJava Server pages oraz inne komponenty JavaPlatform /
_cWojciech Romowicz.
260 _aGliwice :
_b"Helion",
_c2001.
300 _a221 s. :
_brys. ;
_c24 cm.
504 _aIndeks.
650 9 _aStrony WWW
_xprogramowanie
650 9 _aJava (język programowania)
655 _aPodręczniki
020 _a8371973608
040 _cBPK
041 0 _apl
080 _a004.438Java:004.738.52](07)
920 _a83-7197-360-8
942 _cKS
008 s pl f |000 0 pol
999 _c40073
_d40073
856 _uhttp://koha.tu.koszalin.pl/cgi-bin/koha/opac-detail.pl?biblionumber=40073
_yKatalog online BPK